[Event "Ch Ukraine (1/2 final)"]
[Site "Alushta (Ukraine)"]
[Date "2011.05.08"]
[Round "6"]
[White "Borzov Dmitri (UKR)"]
[Black "Kuchin Pavel (UKR)"]
[Result "1-0"]
[WhiteElo "2146"]
[BlackElo "1972"]

1.d4 Nf6 2.c4 d6 3.Nc3 Bf5 4.f3 c6 5.e4 Bc8 6.Be3 Qc7 7.Bd3 h5 8.Nge2 g6 9.Qd2
Bg7 10.O-O a5 11.Rac1 Nbd7 12.a3 e5 13.Rfd1 O-O 14.b4 exd4 15.Nxd4 Ne5 16.Bf1
axb4 17.axb4 Kh7 18.Kh1 Re8 19.Nb3 Be6 20.Nd5 Bxd5 21.cxd5 Red8 22.Nd4 Qd7
23.dxc6 bxc6 24.Nb3 Qe6 25.Na5 d5 26.Nb7 Re8 27.Nc5 Qc8 28.Bg5 dxe4 29.Bxf6
Bxf6 30.Nxe4 Be7 31.b5 Rd8 32.Qc3 Rxd1 33.Rxd1 Qe6 34.b6 Rb8 35.Rb1 f5 36.Nc5
Bxc5 37.Qxc5 Nd7 38.Qa5 Qd6 39.Be2 Nf6 40.Qa7+ Kh6 41.b7 Nd5 42.Qd4 Qc7 43.Ba6
f4 44.h3 Ne3 45.Qc5 Nf5 46.Rc1 Ne7 47.Re1 Nf5 48.Re6 Ng3+ 49.Kh2 Rd8 50.Qc2
Qf7 51.Rxc6 Rb8 52.Rc8 Rxb7 53.Bxb7 Qxb7 54.Rh8+ Kg5 55.Rc8 Qg7 56.Qc3 Qe7
57.Qc5+ Qxc5 58.Rxc5+ Nf5 59.Kg1 Kf6 60.Kf2 Ke6 61.Rc6+ Kf7 62.Ra6 Kg7 63.Ra2
Kh6 64.Ke2 Kg5 65.Ra6 Nh4 66.Ra5+ Kf6 67.Kf2 Nf5 68.Ra8 Kg5 69.Ra4 Ng3 70.h4+
Kf5 71.Ke1 Ke5 72.Ra6 Kf5 73.Kd2 Ke5 74.Rxg6 Kf5 75.Rg8 Kf6 76.Kd3 Nf5 77.Ke4
Nxh4 78.Kxf4 Kf7 79.Rg5 Ng6+ 80.Kg3 h4+ 81.Kg4 {#r} 1-0

[Event "Memorial Adolf Anderssen (final)"]
[Site "Wroclaw (Poland)"]
[Date "2011.07.12"]
[Round "2"]
[White "Czerwonski Aleksander (POL)"]
[Black "Kislinsky Alexey (UKR)"]
[Result "1-0"]
[WhiteElo "2377"]
[BlackElo "2528"]

1.d4 Nf6 2.c4 d6 3.Nc3 Bf5 4.f3 e5 5.e4 exd4 6.Qxd4 Be6 7.b3 g6 8.Bb2 Bg7
9.Nge2 O-O 10.Qd2 Nbd7 11.Nd4 a5 12.Be2 Nh5 13.O-O Qh4 14.f4 Nxf4 15.Rxf4
Bxd4+ 16.Qxd4 Qxf4 17.Nd5 Qe5 18.Qd2 Bxd5 19.Bxe5 Nxe5 20.cxd5 Rfe8 21.Rc1 Re7
22.Qg5 Rae8 23.Bb5 c6 24.dxc6 bxc6 25.Bxc6 h6 26.Qh4 Nxc6 27.Rxc6 Rxe4 28.Qxh6
Re1+ 29.Kf2 R1e2+ 30.Kf3 Rxa2 31.Qc1 Re6 32.Qc3 Re5 33.Rxd6 Rae2 34.Rd8+ Kh7
35.g4 Re1 36.Ra8 g5 37.Rxa5 Rf1+ 38.Kg2 Ree1 39.Qd3+ {#r} 1-0

[Event "It (open)"]
[Site "Lucija (Slovenia)"]
[Date "2011.08.14"]
[Round "2"]
[White "Starcic Tadej (SLO)"]
[Black "Habjan Marko (SLO)"]
[Result "0-1"]
[WhiteElo "2091"]
[BlackElo "1942"]

1.d4 Nf6 2.c4 d6 3.Nc3 Bf5 4.f3 e5 5.e4 exd4 6.Qxd4 Nc6 7.Qf2 Be6 8.Nh3 Ne5
9.b3 c6 10.Nf4 g6 11.Bb2 Qa5 12.Rd1 Rd8 13.Bd3 Nxd3+ 14.Rxd3 d5 15.exd5 cxd5
16.cxd5 Nxd5 17.Nxd5 Bxd5 18.Qd4 Be6 19.Qxd8+ Qxd8 20.Rxd8+ Kxd8 21.Ne4 Bb4+
22.Ke2 Re8 23.Rd1+ Kc8 24.Rc1+ Kb8 25.Be5+ Ka8 26.f4 h6 27.Nf6 Rd8 28.Bc3 Ba3
29.Rd1 Rc8 30.Be5 Be7 31.h3 g5 32.fxg5 hxg5 33.Ne4 g4 34.Nf2 gxh3 35.gxh3 b6
36.Rd2 Bh4 37.Ng4 Bg5 38.Rb2 Bc1 39.Rb1 Bf5 40.Ra1 Bg5 41.Kf3 Rc2 42.b4 Be6
43.a3 Bd5+ 44.Kg3 Rg2# 0-1

[Event "Universiade (w)"]
[Site "Shenzhen (China)"]
[Date "2011.08.19"]
[Round "8"]
[White "Purtseladze Maka (GEO)"]
[Black "Muzychuk Mariya (UKR)"]
[Result "0-1"]
[WhiteElo "2353"]
[BlackElo "2456"]

1.d4 Nf6 2.c4 d6 3.Nc3 Bf5 4.f3 e5 5.e4 exd4 6.Nb5 Bd7 7.Nxd4 Nc6 8.Be3 g6
9.Nge2 Bg7 10.Qd2 O-O 11.h4 Re8 12.Bg5 Nxd4 13.Nxd4 c6 14.O-O-O d5 15.exd5
cxd5 16.cxd5 Qb6 17.Nb3 a5 18.Kb1 a4 19.Qd4 Bf5+ 20.Bd3 Bxd3+ 21.Rxd3 Qb5
22.Nc5 Nd7 {#R} 0-1

[Event "It (open) (juniors)"]
[Site "Vrnjacka Banja (Serbia)"]
[Date "2012.04.14"]
[Round "7"]
[White "Vojinovic Luka"]
[Black "Djordjevic Danilo"]
[Result "1/2-1/2"]
[WhiteElo "1963"]
[BlackElo "1965"]

1.d4 Nf6 2.c4 d6 3.Nc3 Bf5 4.f3 e5 5.e4 exd4 6.Qxd4 Nc6 7.Qd1 Be6 8.Be3 Be7
9.Bd3 Ne5 10.b3 Nxd3+ 11.Qxd3 c6 12.Nge2 O-O 13.O-O d5 14.cxd5 cxd5 15.e5 Nd7
16.f4 f6 17.Nd4 Nc5 18.Qd2 Bc8 19.Nde2 fxe5 20.fxe5 Qc7 21.Nxd5 Qxe5 22.Nxe7+
Qxe7 23.Qd5+ Ne6 24.Rxf8+ Qxf8 25.Rc1 Qd8 26.Qxd8+ Nxd8 27.Nd4 Bg4 28.h3 Bh5
29.Rc7 Bf7 30.Nb5 a6 31.Nd6 Bd5 32.Rc8 Rxc8 33.Nxc8 Nc6 34.Bd2 b5 35.Nb6 Be6
36.Bc3 Kf7 37.Na8 b4 38.Bb2 a5 39.Nc7 Bf5 40.Nb5 Bb1 41.Nd4 Ne5 42.a4 Ke7
43.Nf5+ Kf6 44.Nd6 Ke6 45.Bxe5 Kxe5 46.Nc4+ Kd4 47.Nxa5 Be4 48.Kf2 Bd5 49.g3
h6 50.Ke2 Kc3 51.Ke3 g5 52.h4 Ba8 53.Ke2 Bd5 {#d} 1/2-1/2

[Event "It (open) (b)"]
[Site "Ostrava (Czech Republic)"]
[Date "2012.04.28"]
[Round "1"]
[White "Hasinski Krystian (POL)"]
[Black "Stania Petr"]
[Result "1-0"]
[WhiteElo "1939"]
[BlackElo "1737"]

1.d4 Nf6 2.c4 d6 3.Nc3 Bf5 4.f3 h6 5.e4 Bh7 6.Nh3 g5 7.Bd3 e5 8.Be3 Nbd7 9.d5
Bg7 10.b4 a5 11.a3 b6 12.O-O O-O 13.g4 Bg6 14.Nf2 Nh7 15.Qc2 Qe7 16.Na4 Rfb8
17.c5 bxc5 18.bxc5 dxc5 19.Nxc5 Nxc5 20.Bxc5 Qf6 21.Nd1 Bf8 22.Be3 Bd6 23.a4
Qe7 24.Bb5 Rd8 25.Nb2 f6 26.Bc6 Rab8 27.Ba7 Rb4 28.Nd3 Nf8 29.Nxb4 Bxb4
30.Rac1 Bf7 31.Bc5 Bxc5+ 32.Qxc5 Qxc5+ 33.Rxc5 Rb8 34.Rb5 {#r} 1-0

[Event "Ch Paris (open)"]
[Site "Paris (France)"]
[Date "2012.07.11"]
[Round "5"]
[White "Loiret Stanislas (FRA)"]
[Black "Shirazi Kamran (FRA)"]
[Result "0-1"]
[WhiteElo "2231"]
[BlackElo "2417"]

1.d4 Nf6 2.c4 d6 3.Nc3 Bf5 4.f3 e5 5.e4 exd4 6.Qxd4 Be6 7.Be3 g6 8.Qd2 Bg7
9.Nge2 Bxc4 10.O-O-O Nbd7 11.Nf4 Ne5 12.Qc2 O-O 13.Kb1 c6 14.h4 Qa5 15.Rxd6
Bxf1 16.Rxf1 Nc4 17.Rd3 Nxe3 18.Rxe3 Qe5 19.Nd3 Qh2 20.Qf2 Rad8 21.g3 Qh3
22.g4 Rxd3 23.Rxd3 Nxg4 24.Qe2 Ne5 25.Rdd1 b5 26.f4 Nc4 27.Rd3 Qxh4 28.e5 g5
29.Qg2 gxf4 30.Rh3 Qe7 31.Rfh1 Qe6 32.Ka1 Nxe5 33.Rxh7 Ng6 34.Qh2 Re8 35.a3
Bxc3 36.bxc3 Qf6 37.Qb2 f3 38.c4 Qxb2+ 39.Kxb2 f2 40.cxb5 cxb5 {#R} 0-1

[Event "Ch Germany (juniors) (Internet) (under 18) (qual3)"]
[Site "Internet"]
[Date "2012.09.08"]
[Round "6"]
[White "Kreyssig Robert (GER)"]
[Black "Yankelevich Lev"]
[Result "0-1"]
[WhiteElo "1928"]
[BlackElo "1813"]

1.d4 Nf6 2.c4 d6 3.Nc3 Bf5 4.f3 e5 5.e4 exd4 6.Qxd4 Nc6 7.Qd1 Be6 8.Be3 Ne5
9.b3 g6 10.Bd3 Bg7 11.Rc1 Nfd7 12.Nge2 Nxd3+ 13.Qxd3 Ne5 14.Qd2 Qh4+ 15.Bf2
Qh6 16.Qxh6 Bxh6 17.Rd1 f5 18.Nd4 Bd7 19.O-O O-O-O 20.Nd5 fxe4 21.fxe4 a6
22.Bg3 Bg4 23.Bxe5 dxe5 24.Nf3 c6 25.Nc3 Be3+ 26.Kh1 Rhf8 27.Rxd8+ Kxd8 28.h3
Bxf3 29.Rxf3 Rxf3 30.gxf3 Ke7 31.Kg2 Kd6 32.Kf1 Kc5 33.Ke2 Bd4 34.Nb1 a5
35.Kd3 a4 36.Kc2 Ba1 37.Nd2 Kd4 38.Nf1 Bc3 39.bxa4 Be1 40.Kd1 Ba5 41.Nd2 Bxd2
42.Kxd2 Kxc4 43.a3 Kb3 44.Kd3 Kxa4 45.Kc4 Kxa3 46.Kc5 b5 47.Kxc6 b4 48.Kd6 b3
49.Kxe5 b2 50.Kf4 b1=Q 51.e5 Qf5+ 52.Kg3 Qxe5+ {#R} 0-1